| 000 | 00794cab a2200241 4500 | ||
|---|---|---|---|
| 001 | ABS48720 | ||
| 008 | 090401t1993 xxu||||| |||| 00| 0 eng d | ||
| 035 | _a(Sirsi) u68267 | ||
| 041 | _aeng | ||
| 100 | _aAnstey, J. | ||
| 245 | _aView from the boundary: surveyors can`t decide anything | ||
| 260 | _c1993 | ||
| 350 | _a0 | ||
| 490 |
_aStructural Survey _v11(4) Spring 1993, 396-400(5) |
||
| 520 | _aDiscusses the case "Albert Woodhouse v Consolidated Property Corporation Ltd" which concerns a claim for costs of rebuilding a party wall. | ||
| 650 |
_aBoundary disputes _96221 |
||
| 650 | _aLONDON BUILDING ACTS (AMENDMENT) ACT 1939 | ||
| 650 | _aLONDON BUILDING ACTS | ||
| 650 |
_aParty walls _96258 |
||
| 690 | _aPROPERTY LAW AND PRACTICE | ||
| 942 | _n0 | ||
| 948 | _c04/03/1997 | ||
| 999 |
_c42821 _d42821 |
||